Economic statecraft and foreign policy : (Record no. 231)
[ view plain ]
| 000 -LEADER | |
|---|---|
| fixed length control field | 01050cam a2200289 a 4500 |
| 003 - CONTROL NUMBER IDENTIFIER | |
| control field | OSt |
| 005 - DATE AND TIME OF LATEST TRANSACTION | |
| control field | 20230626095156.0 |
| 008 - FIXED-LENGTH DATA ELEMENTS--GENERAL INFORMATION | |
| fixed length control field | 121128s2013 nyua b 001 0 eng |
| 010 ## - LIBRARY OF CONGRESS CONTROL NUMBER | |
| LC control number | |
| 020 ## - INTERNATIONAL STANDARD BOOK NUMBER | |
| International Standard Book Number | 9780415836319 |
| 040 ## - CATALOGING SOURCE | |
| Transcribing agency | NIRUC |
| 050 00 - LIBRARY OF CONGRESS CALL NUMBER | |
| Classification number | HF1413.5 |
| Item number | .B53 |
| 100 1# - MAIN ENTRY--PERSONAL NAME | |
| Personal name | Blanchard, Jean-Marc F. |
| 245 10 - TITLE STATEMENT | |
| Title | Economic statecraft and foreign policy : |
| Remainder of title | sanctions, incentives and target state calculations / |
| Statement of responsibility, etc. | Jean-Marc F. Blanchard and Norrin M. Ripsman |
| 260 ## - PUBLICATION, DISTRIBUTION, ETC. | |
| Place of publication, distribution, etc. | New York |
| Name of publisher, distributor, etc. | Routledge |
| Date of publication, distribution, etc. | 2013 |
| 300 ## - PHYSICAL DESCRIPTION | |
| Extent | xiv, 266 p. : ill. |
| Dimensions | 24 cm. |
| 490 0# - SERIES STATEMENT | |
| Series statement | Routledge global security studies |
| 504 ## - BIBLIOGRAPHY, ETC. NOTE | |
| Bibliography, etc. note | Includes bibliographical references |
| 650 #0 - SUBJECT ADDED ENTRY--TOPICAL TERM | |
| Topical term or geographic name entry element | Economic sanctions |
| 650 #0 - SUBJECT ADDED ENTRY--TOPICAL TERM | |
| Topical term or geographic name entry element | International economic relations |
| 650 #0 - SUBJECT ADDED ENTRY--TOPICAL TERM | |
| Topical term or geographic name entry element | National security |
| 650 #7 - SUBJECT ADDED ENTRY--TOPICAL TERM | |
| Topical term or geographic name entry element | Political science / International Relations / General |
| 650 #7 - SUBJECT ADDED ENTRY--TOPICAL TERM | |
| Topical term or geographic name entry element | Political science/ International Relations / diplomacy |
| 650 #7 - SUBJECT ADDED ENTRY--TOPICAL TERM | |
| Topical term or geographic name entry element | POLITICAL SCIENCE / Political Freedom & Security / International Security |
| 700 1# - ADDED ENTRY--PERSONAL NAME | |
| Personal name | Ripsman, Norrin M. |
| 942 ## - ADDED ENTRY ELEMENTS (KOHA) | |
| Source of classification or shelving scheme | Library of Congress Classification |
| Koha item type | Books |
| Suppress in OPAC | No |
| Withdrawn status | Lost status | Source of classification or shelving scheme | Damaged status | Not for loan | Home library | Current library | Shelving location | Date acquired | Total checkouts | Full call number | Barcode | Date last seen | Price effective from | Koha item type |
|---|---|---|---|---|---|---|---|---|---|---|---|---|---|---|
| Library of Congress Classification | NIRU LIBRARY | NIRU LIBRARY | On display | 06/26/2023 | HF1413.5 .B53 | 2023-0516 | 06/26/2023 | 06/26/2023 | Books | |||||
| Library of Congress Classification | NIRU LIBRARY | NIRU LIBRARY | On display | 06/26/2023 | HF1413.5 .B53 | 2023-0519 | 06/26/2023 | 06/26/2023 | Books |
